00351nam a2200121Ia 4500008004100000041000800041082002000049100001700069245007400086260003300160300001900193999001700212241015s9999 xx 000 0 und d aeng a338.5027658 TRU aTruett, Rani aManagerial Economics: Analysis, Problems, Cases, An Indian Adaptation bWiley IndiaaNew Delhic2022 a620;. P. 27 cm c41821d41821